| Поле | Инд. | ПП | Название | Значение |
|---|---|---|---|---|
| Тип записи | a | |||
| Библиографический уровень | m | |||
| 001 | Контрольный номер | 1ff9fc53e0984cb7b962a982b37d588c | ||
| 005 | Дата корректировки | 20230614113033.7 | ||
| 020 | a | ISBN | 9785444406069 | |
| 084 | a | Индекс другой классификации/Индекс ББК | 63.3(70)63 | |
| 090 | a | Полочн. индекс | 63.3(70)63 | |
| x | Авторский знак | Г 123 | ||
| 100 | 1_ | a | Автор | Гавриков Ю. П. |
| q | Полное имя | Гавриков Юрий Павлович | ||
| 245 | 10 | a | Заглавие | Че Гевара. Последний романтик революции |
| 260 | b | Издательство | Вече | |
| c | Дата издания | 2012 | ||
| a | Место издания | Москва | ||
| 300 | a | Объем | 352 с. | |
| b | Иллюстрации/ тип воспроизводства | ил. | ||
| 336 | a | Термин вида содержания | Текст | |
| 337 | a | Термин типа средства | непосредственный | |
| 440 | _0 | a | Серия | Великие исторические персоны |
| 440 | _0 | a | Серия | Библиотека Коммерсантъ |
| 600 | 14 | a | Персоналии | Че Гевара Эрнесто |
| 650 | 04 | a | Основная рубрика | история |
| 653 | 0_ | a | Ключевые слова | XX век |
| a | Ключевые слова | Куба | ||
| a | Ключевые слова | Кубинская революция 1959 | ||
| a | Ключевые слова | Латинская Америка | ||
| a | Ключевые слова | новейшее время | ||
| a | Ключевые слова | партизанское движение | ||
| a | Ключевые слова | политика | ||
| a | Ключевые слова | революционеры | ||
| 655 | a | Жанр/ форма (устаревшее) | биография | |
| 720 | a | Наименование подборки | Кубинская революция | |
| e | Признак/вид подборки | Тематические подборки | ||
| 900 | a | Имя электронного ресурса | obl_Gavrikov_Che Gavara | |
| x | Справочная информация | Обложка | ||
| 901 | t | Тип документа | m | |
| 952 | a | Тип литературы для КСУ ВШ | НПИ |